[Event "Liga Madrileña - DH 2016-2017"]
[Site "Madrid ESP"]
[Date "2016.11.20"]
[Round "1.36"]
[White "Martin Rueda, Daniel"]
[Black "Rodrigo Yanguas, Maria"]
[Result "1-0"]
[WhiteElo "2292"]
[BlackElo "2096"]
[PlyCount "51"]
[EventDate "2016.11.20"]
[EventType "team-tourn"]
[EventRounds "14"]
[EventCountry "ESP"]
[SourceTitle "Ajedrez en Madrid"]
[Source "lmi"]
[SourceDate "2016.11.20"]
[WhiteTeam "Liberty Chess"]
[BlackTeam "Virgen de Atocha"]
[WhiteTeamCountry "ESP"]
[BlackTeamCountry "ESP"]

1. d4 e6 2. c4 b6 3. Nf3 Bb7 4. g3 Nf6 5. Bg2 d6 6. O-O Nbd7 7. Nc3 Ne4 8. Qc2
Nxc3 9. Qxc3 Nf6 10. b3 Be7 11. Bb2 Ne4 12. Qc2 O-O 13. Rac1 a5 14. Rfd1 f5 15.
Nd2 Bg5 16. f4 Bxf4 17. gxf4 Qh4 18. Nxe4 fxe4 19. e3 Rf6 20. Qf2 Qh5 21. d5
Rh6 22. Bxe4 e5 23. Kh1 a4 24. Rg1 axb3 25. Rg5 Qe8 26. fxe5 1-0

[Event "Liga Madrileña - DH 2016-2017"]
[Site "Madrid ESP"]
[Date "2016.11.20"]
[Round "1.41"]
[White "Martinez Reyes, Pedro Ramon"]
[Black "Vazquez Igarza, Renier"]
[Result "1/2-1/2"]
[WhiteElo "2371"]
[BlackElo "2566"]
[PlyCount "85"]
[EventDate "2016.11.20"]
[EventType "team-tourn"]
[EventRounds "14"]
[EventCountry "ESP"]
[SourceTitle "Ajedrez en Madrid"]
[Source "lmi"]
[SourceDate "2016.11.20"]
[WhiteTeam "Blanco y Negro"]
[BlackTeam "Collado Villalba"]
[WhiteTeamCountry "ESP"]
[BlackTeamCountry "ESP"]

1. e4 c5 2. Nf3 e6 3. d4 cxd4 4. Nxd4 Nc6 5. Nc3 Qc7 6. Be3 a6 7. Qf3 Bd6 8.
O-O-O Be5 9. g3 Nf6 10. Qe2 O-O 11. f4 Bxd4 12. Bxd4 Nxd4 13. Rxd4 d6 14. Qc4
Qxc4 15. Bxc4 b5 16. Bd3 Rd8 17. e5 Ne8 18. exd6 Rxd6 19. Rxd6 Nxd6 20. Rd1 Bb7
21. Bxh7+ Kxh7 22. Rxd6 Kg6 23. Kd2 Kf6 24. Ke3 Rc8 25. Rb6 Rc7 26. a4 bxa4 27.
Nxa4 Kf5 28. h3 Bg2 29. Nc3 Bxh3 30. Rxa6 Kg4 31. Kf2 g5 32. Ra4 Kh5 33. Ra8
Bf5 34. Kf3 gxf4 35. Kxf4 Kg6 36. Ke5 Kg7 37. Ra3 Rc4 38. Ra4 Rc6 39. Ra3 Rc4
40. Ra4 Rc8 41. Ra3 Rb8 42. Rb3 Rc8 43. Ra3 1/2-1/2

[Event "Liga Madrileña - DH 2016-2017"]
[Site "Madrid ESP"]
[Date "2016.11.20"]
[Round "1.42"]
[White "Moreno Ruiz, Javier"]
[Black "Bolado Saez, Sergio"]
[Result "1/2-1/2"]
[WhiteElo "2448"]
[BlackElo "2370"]
[PlyCount "144"]
[EventDate "2016.11.20"]
[EventType "team-tourn"]
[EventRounds "14"]
[EventCountry "ESP"]
[SourceTitle "Ajedrez en Madrid"]
[Source "lmi"]
[SourceDate "2016.11.20"]
[WhiteTeam "Collado Villalba"]
[BlackTeam "Blanco y Negro"]
[WhiteTeamCountry "ESP"]
[BlackTeamCountry "ESP"]

1. d4 d5 2. c4 e6 3. Nc3 Nf6 4. cxd5 exd5 5. Bg5 c6 6. Qc2 Nbd7 7. e3 h6 8. Bh4
g5 9. Bg3 Nh5 10. Bd3 Nxg3 11. hxg3 Bg7 12. Nge2 Qe7 13. O-O-O Nf6 14. Kb1 Be6
15. f3 O-O-O 16. Nc1 Kb8 17. Nb3 h5 18. Rde1 Qc7 19. Qf2 Bf8 20. Rc1 Bd6 21.
Ne2 Rde8 22. Nc5 Bc8 23. Rc3 Qe7 24. Bc2 b6 25. Nd3 Bb7 26. Ndc1 Bb4 27. Rb3
Bd2 28. Rd1 Bxe3 29. Qf1 c5 30. dxc5 Bxc5 31. Nd4 Bxd4 32. Rxd4 Qe1 33. Qxe1
Rxe1 34. Rbd3 Rg1 35. Rd2 Re8 36. b3 Ree1 37. Bd1 Nd7 38. Kc2 Nc5 39. Nd3 Re3
40. Nxc5 bxc5 41. Ra4 Ree1 42. Ra5 Rxd1 43. Rxd1 Rxg2+ 44. Rd2 Rxg3 45. Rxc5 a6
46. Re2 Rxf3 47. Re8+ Ka7 48. Re7 Kb6 49. Rcc7 Bc6 50. Rxf7 Rg3 51. Rc8 d4 52.
Rf6 Rc3+ 53. Kd2 Kb7 54. Rg8 g4 55. Rh6 g3 56. Rxh5 g2 57. Rh4 a5 58. Rxd4 Rh3
59. Rdg4 Rh1 60. Kc3 Rc1+ 61. Kb2 Rf1 62. R4g5 Rf2+ 63. Ka3 Kb6 64. R8g6 Rc2
65. Rg4 Kc5 66. Rc4+ Rxc4 67. bxc4 Be4 68. Rg4 Bf3 69. Rg5+ Kxc4 70. Ka4 Kd4
71. Kxa5 Ke3 72. a4 Kf4 1/2-1/2

[Event "Liga Madrileña - DH 2016-2017"]
[Site "Madrid ESP"]
[Date "2016.11.20"]
[Round "1.43"]
[White "Alarcia Astiz, Carlos"]
[Black "Gascon del Nogal, Jose Rafael"]
[Result "0-1"]
[WhiteElo "2331"]
[BlackElo "2442"]
[PlyCount "160"]
[EventDate "2016.11.20"]
[EventType "team-tourn"]
[EventRounds "14"]
[EventCountry "ESP"]
[SourceTitle "Ajedrez en Madrid"]
[Source "lmi"]
[SourceDate "2016.11.20"]
[WhiteTeam "Blanco y Negro"]
[BlackTeam "Collado Villalba"]
[WhiteTeamCountry "ESP"]
[BlackTeamCountry "ESP"]

1. e4 c5 2. Nf3 d6 3. d4 Nf6 4. Nc3 cxd4 5. Nxd4 a6 6. f4 e5 7. Nf3 Nbd7 8. Bd3
Be7 9. O-O O-O 10. Kh1 Nc5 11. fxe5 dxe5 12. Nxe5 Be6 13. Bg5 Qc7 14. Nf3 h6
15. Bh4 Rad8 16. Qe2 Rfe8 17. e5 Nd5 18. Bxe7 Nxe7 19. Bc4 Ng6 20. Bxe6 Rxe6
21. Rad1 Rde8 22. Nd5 Qb8 23. Qf2 Ne4 24. Qd4 Ng5 25. Nxg5 hxg5 26. Qg4 Qxe5
27. Qf3 Rf8 28. Nc3 Ne7 29. h3 g6 30. Rde1 Qxe1 31. Rxe1 Rxe1+ 32. Kh2 Nf5 33.
Nd5 Rc8 34. c3 Rc6 35. Qg4 Re5 36. c4 f6 37. a4 Rce6 38. Nc3 Re1 39. Qf3 Ne3
40. Qxb7 Nf1+ 41. Kg1 Ng3+ 42. Kh2 R6e3 43. Qb8+ Kg7 44. Qc7+ Kg8 45. Qb8+ Kg7
46. Qc7+ Kh6 47. Qxg3 Rxg3 48. Kxg3 Kg7 49. Kf3 Kf8 50. Nd5 a5 51. b4 axb4 52.
Nxb4 Rc1 53. Nd5 Rxc4 54. g3 Kf7 55. Nb6 Rb4 56. a5 Ke6 57. Ke3 Rb5 58. Nc4 Kd5
59. Nb6+ Kc6 60. Nc8 Rxa5 61. Ne7+ Kd6 62. Nxg6 Ra3+ 63. Kf2 Ke6 64. h4 Kf5 65.
Ne7+ Kg4 66. hxg5 fxg5 67. Kg2 Rxg3+ 68. Kf2 Rf3+ 69. Kg2 Rd3 70. Kf2 Rd6 71.
Nc8 Rf6+ 72. Kg2 Re6 73. Na7 Re2+ 74. Kf1 Kf3 75. Nb5 Re4 76. Nc3 Re3 77. Nb5
Rd3 78. Ke1 g4 79. Nc7 g3 80. Nb5 Re3+ 0-1

[Event "Liga Madrileña - DH 2016-2017"]
[Site "Madrid ESP"]
[Date "2016.11.20"]
[Round "1.44"]
[White "Martin Duque, Jesus"]
[Black "Renteria Becerra, Jorge Elicer"]
[Result "0-1"]
[WhiteElo "2312"]
[BlackElo "2226"]
[PlyCount "80"]
[EventDate "2016.11.20"]
[EventType "team-tourn"]
[EventRounds "14"]
[EventCountry "ESP"]
[SourceTitle "Ajedrez en Madrid"]
[Source "lmi"]
[SourceDate "2016.11.20"]
[WhiteTeam "Collado Villalba"]
[BlackTeam "Blanco y Negro"]
[WhiteTeamCountry "ESP"]
[BlackTeamCountry "ESP"]

1. e4 d6 2. d4 Nf6 3. Nc3 e5 4. Nf3 Nbd7 5. Bc4 Be7 6. O-O O-O 7. Re1 c6 8. a4
b6 9. h3 a6 10. Be3 Rb8 11. Ba2 b5 12. axb5 axb5 13. b4 Qc7 14. Bb3 exd4 15.
Nxd4 Ne5 16. Qe2 Bd7 17. Nf5 Bxf5 18. exf5 Rfe8 19. Bd4 Bf8 20. Qd2 Ra8 21.
Rxa8 Rxa8 22. Qf4 h6 23. g4 Re8 24. Re3 Be7 25. Qg3 Ra8 26. Kh2 Qd8 27. f4 c5
28. bxc5 dxc5 29. Bxe5 c4 30. Bxc4 bxc4 31. Qg2 Bc5 32. Re1 Ra7 33. g5 hxg5 34.
fxg5 Nd7 35. Rd1 Qa5 36. Bxg7 Qc7+ 37. Kh1 Kxg7 38. f6+ Kf8 39. g6 Nxf6 40. Qf3
Qb7 0-1

[Event "Liga Madrileña - DH 2016-2017"]
[Site "Madrid ESP"]
[Date "2016.11.20"]
[Round "1.45"]
[White "Beltran de Heredia Eguiaz, Miguel Angel"]
[Black "Ortega Ruiz, Jose Miguel"]
[Result "0-1"]
[WhiteElo "2224"]
[BlackElo "2233"]
[PlyCount "144"]
[EventDate "2016.11.20"]
[EventType "team-tourn"]
[EventRounds "14"]
[EventCountry "ESP"]
[SourceTitle "Ajedrez en Madrid"]
[Source "lmi"]
[SourceDate "2016.11.20"]
[WhiteTeam "Blanco y Negro"]
[BlackTeam "Collado Villalba"]
[WhiteTeamCountry "ESP"]
[BlackTeamCountry "ESP"]

1. e4 e5 2. Nf3 Nc6 3. Bb5 a6 4. Ba4 Nf6 5. O-O Be7 6. Re1 b5 7. Bb3 d6 8. c3
O-O 9. h3 Na5 10. Bc2 c5 11. d4 Qc7 12. Nbd2 cxd4 13. cxd4 Bd7 14. Nf1 Rac8 15.
Ne3 Rfe8 16. Bd2 Nc6 17. d5 Nd4 18. Bd3 Qa7 19. Nxd4 Qxd4 20. Bc3 Qa7 21. Qd2
Bd8 22. a4 bxa4 23. Nc4 Qb8 24. Bb4 Bc7 25. Rac1 Bb5 26. Bf1 Nd7 27. g3 h6 28.
h4 Bxc4 29. Rxc4 a5 30. Ba3 Bb6 31. Rec1 Rxc4 32. Rxc4 Bc5 33. Rxa4 Bxa3 34.
Rxa3 Nc5 35. Qxa5 Qxb2 36. Qb5 Qxb5 37. Bxb5 Rb8 38. Bd3 g6 39. Kg2 Kg7 40. Kf3
Rb4 41. Ke3 h5 42. f4 Kf6 43. Rc3 Rb2 44. Rc2 Rb3 45. Rd2 Ra3 46. Rd1 Ra2 47.
Rd2 Ra1 48. Be2 Rg1 49. Bf3 Rxg3 50. fxe5+ Kxe5 51. Kf2 Kf4 52. Bg2 Rg4 53. Ra2
Nd3+ 54. Kf1 Rxh4 55. Rd2 Ne5 56. Rf2+ Kg3 57. Ra2 Rf4+ 58. Kg1 Rf6 59. Ra3+
Kf4 60. Ra2 Kg5 61. Ra3 Kh6 62. Ra8 Ng4 63. Ra6 Kg5 64. Ra3 Kf4 65. Ra4 Ke5 66.
Ra8 g5 67. Re8+ Kf4 68. Ra8 Ne3 69. Ra4 Ke5 70. Bh1 g4 71. Ra3 Rf1+ 72. Kh2 Kf4
0-1

[Event "Liga Madrileña - DH 2016-2017"]
[Site "Madrid ESP"]
[Date "2016.11.20"]
[Round "1.46"]
[White "Collazo Hidalgo Gato, Niala"]
[Black "Alba Linero, Emilio"]
[Result "1-0"]
[WhiteElo "2225"]
[BlackElo "2202"]
[PlyCount "91"]
[EventDate "2016.11.20"]
[EventType "team-tourn"]
[EventRounds "14"]
[EventCountry "ESP"]
[SourceTitle "Ajedrez en Madrid"]
[Source "lmi"]
[SourceDate "2016.11.20"]
[WhiteTeam "Collado Villalba"]
[BlackTeam "Blanco y Negro"]
[WhiteTeamCountry "ESP"]
[BlackTeamCountry "ESP"]

1. e4 e5 2. Nf3 Nc6 3. Bb5 a6 4. Ba4 Nf6 5. O-O Be7 6. Re1 b5 7. Bb3 O-O 8. a4
b4 9. d3 d6 10. Nbd2 Rb8 11. h3 Na5 12. Ba2 Bd7 13. Nc4 Nb7 14. a5 c5 15. c3
bxc3 16. bxc3 Bc6 17. Qc2 Qc7 18. Bg5 h6 19. Bd2 Nd7 20. Ne3 Bf6 21. Nd5 Bxd5
22. Bxd5 Nd8 23. Nh2 Ne6 24. Ng4 Bd8 25. Bc4 Qa7 26. Ne3 g6 27. Nd5 Kg7 28. Be3
Re8 29. Qd2 Bg5 30. Rf1 Rb7 31. f4 exf4 32. Nxf4 Nxf4 33. Bxf4 Ne5 34. Bxg5
hxg5 35. Bd5 Rbe7 36. Qxg5 Nxd3 37. Qf6+ Kh6 38. Bxf7 Rxf7 39. Qxf7 Re7 40.
Qf8+ Kh7 41. Rab1 c4+ 42. Kh2 Qc7 43. Rb8 d5+ 44. Kh1 Qe5 45. exd5 g5 46. Rf7+
1-0

[Event "Liga Madrileña - DH 2016-2017"]
[Site "Madrid ESP"]
[Date "2016.11.27"]
[Round "2.11"]
[White "Almagro Llamas, Pablo"]
[Black "Solaesa Navalpotro, Luis Julio"]
[Result "1-0"]
[WhiteElo "2446"]
[BlackElo "2215"]
[PlyCount "113"]
[EventDate "2016.11.20"]
[EventType "team-tourn"]
[EventRounds "14"]
[EventCountry "ESP"]
[SourceTitle "Ajedrez en Madrid"]
[Source "lmi"]
[SourceDate "2016.11.20"]
[WhiteTeam "Virgen de Atocha"]
[BlackTeam "Moratalaz"]
[WhiteTeamCountry "ESP"]
[BlackTeamCountry "ESP"]

1. d4 Nf6 2. Nf3 d6 3. c4 c6 4. Nc3 Nbd7 5. e4 e5 6. Be2 Be7 7. O-O O-O 8. Qc2
a6 9. a4 a5 10. h3 Re8 11. Be3 Qc7 12. Rfd1 Nf8 13. c5 exd4 14. cxd6 Bxd6 15.
Bxd4 N8d7 16. Bc4 Ne5 17. Bxe5 Bxe5 18. Ng5 Be6 19. Nxe6 fxe6 20. Ne2 Kh8 21.
f4 Bd6 22. e5 Bc5+ 23. Kh1 Nd7 24. Ba2 Bf8 25. Nd4 Nc5 26. Nf3 Be7 27. h4 Rf8
28. g3 g6 29. Kg2 Rad8 30. h5 Rxd1 31. Rxd1 gxh5 32. Bb1 Rf7 33. Rh1 h4 34. g4
Na6 35. f5 exf5 36. gxf5 Rg7+ 37. Kf1 Rg3 38. Qe2 Qd8 39. f6 Bxf6 40. exf6 Qxf6
41. Qe8+ Kg7 42. Qd7+ Qf7 43. Qxf7+ Kxf7 44. Kf2 Rg7 45. Rxh4 Nc5 46. Bc2 Ke7
47. Nd4 Kd7 48. Rh5 b6 49. Rh6 b5 50. Rxc6 Rf7+ 51. Ke2 Re7+ 52. Kd2 Nxa4 53.
b3 Nb2 54. Bf5+ Ke8 55. Kc2 a4 56. Kxb2 axb3 57. Be6 1-0

[Event "Liga Madrileña - DH 2016-2017"]
[Site "Madrid ESP"]
[Date "2016.11.27"]
[Round "2.12"]
[White "Cortes Jurado, Rafael"]
[Black "Rubio Mejia, Luis Ignacio"]
[Result "0-1"]
[WhiteElo "2119"]
[BlackElo "2443"]
[PlyCount "82"]
[EventDate "2016.11.20"]
[EventType "team-tourn"]
[EventRounds "14"]
[EventCountry "ESP"]
[SourceTitle "Ajedrez en Madrid"]
[Source "lmi"]
[SourceDate "2016.11.20"]
[WhiteTeam "Moratalaz"]
[BlackTeam "Virgen de Atocha"]
[WhiteTeamCountry "ESP"]
[BlackTeamCountry "ESP"]

1. d4 Nf6 2. c4 e6 3. Nc3 Bb4 4. e3 O-O 5. Bd3 d5 6. Nf3 c5 7. O-O dxc4 8. Bxc4
Nbd7 9. a3 cxd4 10. axb4 dxc3 11. bxc3 Qc7 12. Qe2 b6 13. Bb2 Bb7 14. Ba6 Ne4
15. Bxb7 Qxb7 16. c4 Rfc8 17. Nd4 Nd6 18. Rac1 e5 19. Nf3 f6 20. Rfd1 Nf7 21.
Qd3 Nf8 22. Qb3 Rc7 23. Ba3 Rac8 24. Qa2 Nd7 25. h3 Qc6 26. Qb3 Qe6 27. Rd5 f5
28. c5 bxc5 29. bxc5 Nb8 30. Rcd1 Nc6 31. Qa4 e4 32. Nh4 Nce5 33. Qa5 g5 34.
Rd8+ Nxd8 35. Rxd8+ Rxd8 36. Qxc7 Rc8 37. Qb7 gxh4 38. Bb2 Nf7 39. Qxa7 f4 40.
c6 f3 41. Qd4 Qg6 0-1

[Event "Liga Madrileña - DH 2016-2017"]
[Site "Madrid ESP"]
[Date "2016.11.27"]
[Round "2.13"]
[White "Plazuelo Pascual, Juan"]
[Black "Mansilla Tolosa, Luis Eduardo"]
[Result "1/2-1/2"]
[WhiteElo "2307"]
[BlackElo "2057"]
[PlyCount "44"]
[EventDate "2016.11.20"]
[EventType "team-tourn"]
[EventRounds "14"]
[EventCountry "ESP"]
[SourceTitle "Ajedrez en Madrid"]
[Source "lmi"]
[SourceDate "2016.11.20"]
[WhiteTeam "Virgen de Atocha"]
[BlackTeam "Moratalaz"]
[WhiteTeamCountry "ESP"]
[BlackTeamCountry "ESP"]

1. d4 Nf6 2. c4 e6 3. Nf3 b6 4. e3 Bb4+ 5. Nbd2 Bb7 6. Bd3 O-O 7. O-O d5 8. a3
Bd6 9. b4 c6 10. Bb2 Nbd7 11. Qc2 Re8 12. Ne5 Bf8 13. Rac1 g6 14. cxd5 cxd5 15.
Qc7 Re7 16. Nc6 Bxc6 17. Qxc6 a5 18. bxa5 Rxa5 19. Nb3 Ra7 20. Qc2 Re8 21. Ra1
Qa8 22. a4 Rc8 1/2-1/2

[Event "Liga Madrileña - DH 2016-2017"]
[Site "Madrid ESP"]
[Date "2016.11.27"]
[Round "2.14"]
[White "Cobo Diego, Fidel"]
[Black "Quispe Arteaga, Gabriel"]
[Result "1/2-1/2"]
[WhiteElo "2056"]
[BlackElo "2270"]
[PlyCount "72"]
[EventDate "2016.11.20"]
[EventType "team-tourn"]
[EventRounds "14"]
[EventCountry "ESP"]
[SourceTitle "Ajedrez en Madrid"]
[Source "lmi"]
[SourceDate "2016.11.20"]
[WhiteTeam "Moratalaz"]
[BlackTeam "Virgen de Atocha"]
[WhiteTeamCountry "ESP"]
[BlackTeamCountry "ESP"]

1. e4 c5 2. Nf3 Nc6 3. d4 cxd4 4. Nxd4 g6 5. Nc3 Bg7 6. Be3 Nf6 7. Be2 O-O 8.
O-O d6 9. Nb3 Be6 10. f4 Qc8 11. Kh1 Rd8 12. Bf3 Bg4 13. Bg1 Bxf3 14. Qxf3 Qg4
15. Rae1 Qxf3 16. Rxf3 Nd7 17. Nd1 a5 18. c3 a4 19. Nd4 a3 20. b3 Rdc8 21. Nxc6
Rxc6 22. c4 g5 23. g3 g4 24. Rff1 h5 25. Ne3 e6 26. Nc2 Bc3 27. Rd1 Nf6 28. e5
dxe5 29. fxe5 Bxe5 30. Bd4 Nd7 31. Ba1 Bd6 32. Nd4 Rb6 33. Nb5 Raa6 34. Nc7 Ra7
35. Nb5 Raa6 36. Nc7 Ra7 1/2-1/2

[Event "Liga Madrileña - DH 2016-2017"]
[Site "Madrid ESP"]
[Date "2016.11.27"]
[Round "2.15"]
[White "Rabadan Velasco, Raul"]
[Black "Gonzalez Rivera, Eduardo"]
[Result "1-0"]
[WhiteElo "2230"]
[BlackElo "2040"]
[PlyCount "55"]
[EventDate "2016.11.20"]
[EventType "team-tourn"]
[EventRounds "14"]
[EventCountry "ESP"]
[SourceTitle "Ajedrez en Madrid"]
[Source "lmi"]
[SourceDate "2016.11.20"]
[WhiteTeam "Virgen de Atocha"]
[BlackTeam "Moratalaz"]
[WhiteTeamCountry "ESP"]
[BlackTeamCountry "ESP"]

1. b3 e5 2. Bb2 Nc6 3. e3 Nf6 4. Bb5 d6 5. Ne2 Be7 6. O-O Bd7 7. f4 a6 8. Bxc6
Bxc6 9. Ng3 exf4 10. Rxf4 Qd7 11. Nf5 O-O-O 12. Qf1 Rhg8 13. Nc3 Rdf8 14. Ne2
Bd8 15. Ned4 g5 16. Rf2 Ne4 17. Re2 d5 18. Ba3 Re8 19. d3 Nf6 20. Bb2 Ref8 21.
a4 Qe8 22. Ba3 Bd7 23. e4 dxe4 24. dxe4 Ng4 25. Qf3 h5 26. Qc3 Kb8 27. e5 Nxe5
28. Rxe5 1-0

[Event "Liga Madrileña - DH 2016-2017"]
[Site "Madrid ESP"]
[Date "2016.11.27"]
[Round "2.16"]
[White "Garcia Ruido, Ricardo"]
[Black "Vazquez Torres, Adrian"]
[Result "0-1"]
[WhiteElo "2000"]
[BlackElo "2223"]
[PlyCount "66"]
[EventDate "2016.11.20"]
[EventType "team-tourn"]
[EventRounds "14"]
[EventCountry "ESP"]
[SourceTitle "Ajedrez en Madrid"]
[Source "lmi"]
[SourceDate "2016.11.20"]
[WhiteTeam "Moratalaz"]
[BlackTeam "Virgen de Atocha"]
[WhiteTeamCountry "ESP"]
[BlackTeamCountry "ESP"]

1. d4 Nf6 2. Nf3 e6 3. Bg5 Be7 4. e3 c5 5. Nbd2 b6 6. Bd3 Bb7 7. O-O d6 8. c3
Nbd7 9. Qe2 h6 10. Bh4 e5 11. dxe5 dxe5 12. e4 O-O 13. Rad1 Nh5 14. Bg3 Nxg3
15. hxg3 Qc7 16. Nc4 b5 17. Ne3 c4 18. Bb1 Bc5 19. Nd5 Bxd5 20. exd5 Qd6 21. b3
cxb3 22. axb3 a6 23. g4 g6 24. Rfe1 Rae8 25. c4 b4 26. Nd2 f5 27. gxf5 gxf5 28.
g4 e4 29. Kh1 Qf6 30. Nf1 Qh4+ 31. Kg1 Ne5 32. gxf5 Rxf5 33. Ne3 Nf3+ 0-1

[Event "Liga Madrileña - DH 2016-2017"]
[Site "Madrid ESP"]
[Date "2016.11.27"]
[Round "2.21"]
[White "Valles Moreno, Ivan"]
[Black "Moreno Trujillo, Alejandro"]
[Result "0-1"]
[WhiteElo "2438"]
[BlackElo "2488"]
[PlyCount "76"]
[EventDate "2016.11.20"]
[EventType "team-tourn"]
[EventRounds "14"]
[EventCountry "ESP"]
[SourceTitle "Ajedrez en Madrid"]
[Source "lmi"]
[SourceDate "2016.11.20"]
[WhiteTeam "Liberty Chess"]
[BlackTeam "64 Villalba"]
[WhiteTeamCountry "ESP"]
[BlackTeamCountry "ESP"]

1. e4 e6 2. d4 d5 3. Nc3 Bb4 4. e5 Ne7 5. a3 Bxc3+ 6. bxc3 c5 7. Qg4 cxd4 8.
Qxg7 Rg8 9. Qxh7 Qc7 10. Ne2 Nbc6 11. f4 Bd7 12. h4 dxc3 13. h5 O-O-O 14. Qd3
Nf5 15. Rb1 d4 16. Rg1 Be8 17. g4 Nfe7 18. Rg3 f6 19. exf6 Nd5 20. Qe4 Qd7 21.
Nxd4 Bxh5 22. Bb5 Nxf6 23. Qxc6+ bxc6 24. Ba6+ Kc7 25. Rb7+ Kd6 26. Rd3 Nd5 27.
Rxd7+ Rxd7 28. g5 Bg6 29. Rh3 Rh7 30. Bf1 Rxh3 31. Bxh3 Rh8 32. Bg2 Rb8 33. Kf2
c5 34. f5 cxd4 35. fxg6 Rg8 36. Be4 Ke5 37. Bd3 Nf4 38. Bc4 Nxg6 0-1

[Event "Liga Madrileña - DH 2016-2017"]
[Site "Madrid ESP"]
[Date "2016.11.27"]
[Round "2.23"]
[White "Garcia Cuenca, Victor Manuel"]
[Black "Longa Yauca, Javier"]
[Result "1/2-1/2"]
[WhiteElo "2339"]
[BlackElo "2353"]
[PlyCount "128"]
[EventDate "2016.11.20"]
[EventType "team-tourn"]
[EventRounds "14"]
[EventCountry "ESP"]
[SourceTitle "Ajedrez en Madrid"]
[Source "lmi"]
[SourceDate "2016.11.20"]
[WhiteTeam "Liberty Chess"]
[BlackTeam "64 Villalba"]
[WhiteTeamCountry "ESP"]
[BlackTeamCountry "ESP"]

1. d4 Nf6 2. c4 e6 3. Nc3 d6 4. Nf3 Nbd7 5. g3 e5 6. Bg2 Be7 7. O-O O-O 8. b3
c6 9. e4 a6 10. Re1 b5 11. d5 cxd5 12. cxd5 b4 13. Na4 a5 14. Nd2 Ba6 15. Bf1
Qc8 16. Bxa6 Qxa6 17. Nc4 Rfc8 18. a3 Qb5 19. Qd3 Rab8 20. Bd2 Ne8 21. Rec1 Nc7
22. axb4 axb4 23. Ncb2 f5 24. f3 fxe4 25. fxe4 Nf6 26. Rc4 Qd7 27. Rac1 h5 28.
Rc6 Bd8 29. Nc4 Nce8 30. Ncb6 Rxc6 31. Nxd7 Rxc1+ 32. Bxc1 Nxd7 33. Bd2 Nef6
34. Qc4 Ba5 35. Qa6 Bb6+ 36. Nxb6 Rxb6 37. Qc8+ Kf7 38. Be3 Rb8 39. Qc7 Ke7 40.
Bg5 Ra8 41. Bxf6+ gxf6 42. Qb7 Ra1+ 43. Kg2 Ra2+ 44. Kh3 Re2 45. Qxb4 Nc5 46.
Qb5 Rxe4 47. b4 Nd7 48. Qb7 f5 49. b5 f4 50. Qc8 f3 51. Qc3 f2 52. Kg2 Rd4 53.
Kxf2 Rxd5 54. Qb3 Rd2+ 55. Ke1 Rxh2 56. b6 h4 57. b7 hxg3 58. b8=Q Nxb8 59.
Qxb8 g2 60. Kf2 g1=Q+ 61. Kxg1 Rd2 62. Qg8 Rd1+ 63. Kf2 Rd2+ 64. Ke3 Rd4
1/2-1/2

[Event "Liga Madrileña - DH 2016-2017"]
[Site "Madrid ESP"]
[Date "2016.11.27"]
[Round "2.24"]
[White "Ruperez Benito, Antonio"]
[Black "Sanchez Gonzalez, Sergio"]
[Result "1/2-1/2"]
[WhiteElo "2313"]
[BlackElo "2282"]
[PlyCount "39"]
[EventDate "2016.11.20"]
[EventType "team-tourn"]
[EventRounds "14"]
[EventCountry "ESP"]
[SourceTitle "Ajedrez en Madrid"]
[Source "lmi"]
[SourceDate "2016.11.20"]
[WhiteTeam "64 Villalba"]
[BlackTeam "Liberty Chess"]
[WhiteTeamCountry "ESP"]
[BlackTeamCountry "ESP"]

1. e4 c5 2. Nf3 e6 3. b3 b6 4. Bd3 Bb7 5. O-O d6 6. Re1 Nf6 7. e5 dxe5 8. Nxe5
Bd6 9. Bb2 Nbd7 10. Nxd7 Qxd7 11. Na3 O-O-O 12. Nc4 Bb8 13. Qe2 Nd5 14. Be4 f6
15. a4 e5 16. a5 Nf4 17. Qf3 b5 18. Ne3 a6 19. d3 g6 20. g3 1/2-1/2

[Event "Liga Madrileña - DH 2016-2017"]
[Site "Madrid ESP"]
[Date "2016.11.27"]
[Round "2.25"]
[White "Martin Rueda, Daniel"]
[Black "Cabañas Jimenez, Andres"]
[Result "1-0"]
[WhiteElo "2292"]
[BlackElo "2236"]
[PlyCount "109"]
[EventDate "2016.11.20"]
[EventType "team-tourn"]
[EventRounds "14"]
[EventCountry "ESP"]
[SourceTitle "Ajedrez en Madrid"]
[Source "lmi"]
[SourceDate "2016.11.20"]
[WhiteTeam "Liberty Chess"]
[BlackTeam "64 Villalba"]
[WhiteTeamCountry "ESP"]
[BlackTeamCountry "ESP"]

1. d4 Nf6 2. Bg5 Ne4 3. Bf4 c5 4. f3 Qa5+ 5. c3 Nf6 6. Nd2 cxd4 7. Nc4 Qf5 8.
Bxb8 Rxb8 9. Qxd4 b6 10. e4 Qc5 11. O-O-O Qxd4 12. Rxd4 g6 13. e5 Nh5 14. Nd2
Ng7 15. Ra4 a5 16. Bb5 Ne6 17. Ne2 Bg7 18. f4 g5 19. g3 Bb7 20. Re1 Nc7 21. Bd3
Bc6 22. Ra3 Ne6 23. Kc2 gxf4 24. gxf4 Bh6 25. f5 Nc5 26. Nd4 Nxd3 27. Kxd3 Bb7
28. b4 axb4 29. cxb4 Rg8 30. Re2 Bd5 31. Ne4 Rg1 32. Nc3 Bg2 33. Rf2 Bf1+ 34.
Nce2 Bg7 35. f6 exf6 36. exf6 Bf8 37. Kc2 Bxe2 38. Rxe2+ Kd8 39. Rg3 Rf1 40.
Rg8 Kc7 41. Nb5+ Kc6 42. a4 Rxf6 43. Rg4 Kb7 44. Rc4 Rc6 45. Kb3 Rxc4 46. Kxc4
Ra8 47. Kb3 Kc6 48. Rc2+ Kb7 49. Rc7+ Kb8 50. Rxd7 f5 51. Rf7 Bh6 52. Rxh7 Be3
53. Nd6 Ra7 54. Rh8+ Kc7 55. Nb5+ 1-0

[Event "Liga Madrileña - DH 2016-2017"]
[Site "Madrid ESP"]
[Date "2016.11.27"]
[Round "2.26"]
[White "Veganzonez Rojo, David"]
[Black "Pablos Tenrero, Raquel"]
[Result "1-0"]
[WhiteElo "2117"]
[BlackElo "2033"]
[PlyCount "131"]
[EventDate "2016.11.20"]
[EventType "team-tourn"]
[EventRounds "14"]
[EventCountry "ESP"]
[SourceTitle "Ajedrez en Madrid"]
[Source "lmi"]
[SourceDate "2016.11.20"]
[WhiteTeam "64 Villalba"]
[BlackTeam "Liberty Chess"]
[WhiteTeamCountry "ESP"]
[BlackTeamCountry "ESP"]

1. c4 e5 2. g3 Nf6 3. Bg2 Nc6 4. Nc3 Bb4 5. Nd5 Bc5 6. Nf3 d6 7. O-O O-O 8. d3
h6 9. a3 a5 10. e3 Ba7 11. Nc3 Re8 12. b3 Ne7 13. Bb2 c6 14. Rc1 Bg4 15. Qd2
Qd7 16. Ne4 Nxe4 17. dxe4 Red8 18. Bc3 b6 19. b4 axb4 20. axb4 Qe6 21. Qb2 Bb8
22. b5 Bc7 23. Rfe1 Ra7 24. Nd2 Qd7 25. Ra1 Rda8 26. Rxa7 Rxa7 27. Rc1 Be6 28.
Rd1 Qc8 29. f4 f6 30. Ra1 Qa8 31. Rxa7 Qxa7 32. Qa1 Qb8 33. Qa3 c5 34. f5 Bf7
35. Bf3 h5 36. h3 Kh7 37. Qa6 Ng8 38. Be2 Nh6 39. Nb1 g6 40. g4 hxg4 41. hxg4
gxf5 42. gxf5 Qg8+ 43. Kf2 Ng4+ 44. Ke1 Nxe3 45. Qb7 Bd8 46. Kd2 Ng2 47. Kc2
Nf4 48. Bf3 Kh8 49. Nd2 Bxc4 50. Qd7 Bd3+ 51. Kb2 Qf8 52. Bd1 Qe7 53. Qc6 Bf1
54. Nxf1 Nd3+ 55. Kc2 Nf4 56. Ne3 Kg7 57. Kd2 Kh6 58. Bb3 Kg5 59. Nd5 Qh7 60.
Nxf4 exf4 61. Qxd6 Qh2+ 62. Kd3 Qg3+ 63. Kc4 Qe3 64. Qd3 Be7 65. Qxe3 fxe3 66.
Kd3 1-0